00234 a2200109 4500001000700000020000600007040001100013100000600024240004500030245004000075362000900115180826 a  cMagnum a-10aDeus nos chama a uma missao/7 serielpor10aDeus nos chama a uma missao/7 serie0 a1899